Слово русской советской критики о якутской литературе / (Record no. 251494)
[ view plain ]
| 000 -LEADER | |
|---|---|
| fixed length control field | 00783nam a2200193 a 4500 |
| 001 - CONTROL NUMBER | |
| control field | 000678132 |
| 003 - CONTROL NUMBER IDENTIFIER | |
| control field | AM-YeHGA |
| 005 - DATE AND TIME OF LATEST TRANSACTION | |
| control field | 20250617142123.0 |
| 008 - FIXED-LENGTH DATA ELEMENTS--GENERAL INFORMATION | |
| fixed length control field | 090814s1986 ||| r 000 0 rus d |
| 040 ## - CATALOGING SOURCE | |
| Original cataloging agency | AM-YeHGA |
| 041 0# - LANGUAGE CODE | |
| Language code of text/sound track or separate title | rus |
| 090 ## - LOCALLY ASSIGNED LC-TYPE CALL NUMBER (OCLC); LOCAL CALL NUMBER (RLIN) | |
| -- | 253092 |
| 245 00 - TITLE STATEMENT | |
| Title | Слово русской советской критики о якутской литературе / |
| Statement of responsibility, etc. | АН СССР, Ин-т яз., литературы и истории; Авт-сост. Н.С. Сивцева. |
| 260 ## - PUBLICATION, DISTRIBUTION, ETC. | |
| Place of publication, distribution, etc. | Якутск : |
| Name of publisher, distributor, etc. | Кн. изд-во, |
| Date of publication, distribution, etc. | 1986. |
| 300 ## - PHYSICAL DESCRIPTION | |
| Extent | 180 с. |
| 653 0# - INDEX TERM--UNCONTROLLED | |
| Uncontrolled term | Якутская литература |
| 700 1# - ADDED ENTRY--PERSONAL NAME | |
| Personal name | Сивцева, Н.С. |
| Relator term | авт. |
| -- | сост. |
| Relationship | aut |
| -- | com |
| 710 2# - ADDED ENTRY--CORPORATE NAME | |
| Corporate name or jurisdiction name as entry element | Институт языка, литературы и истории АН СССР |
| Withdrawn status | Lost status | Damaged status | Not for loan | Collection | Home library | Current library | Date acquired | Total checkouts | Full call number | Barcode | Date last seen | Price effective from | Koha item type | Public note |
|---|---|---|---|---|---|---|---|---|---|---|---|---|---|---|
| General | Fundamental Scientific Library | Fundamental Scientific Library | 29/12/2016 | PII/560301 | FL0123548 | 29/12/2016 | 29/12/2016 | Գրքեր / Books | 30 Days Loan |
ՀՀ Գիտությունների ազգային ակադեմիայի հիմնարար գիտական գրադարան = Fundamental Scientific Library of NAS RA
All site content, except where otherwise noted, is licensed under a